Pilote de F1 avec images - Statistiques

Statistiques générales
  • Ce quiz a été pris 3 481 fois
  • Le résultat moyen est 20 sur 24
Statistiques - réponses
Par images Réponse % Correct
Lewis Hamilton
100%
Max Verstappen
99%
Charles Leclerc
98%
Pierre Gasly
97%
Carlos Sainz
95%
Lando Norris
95%
Esteban Ocon
94%
Fernando Alonso
94%
Michael Schumacher
93%
Mick Schumacher
93%
Daniel Ricciardo
92%
Sebastian Vettel
92%
Ayrton Senna
90%
George Russell
90%
Lance Stroll
90%
Nico Hulkenberg
88%
Alain Prost
87%
Romain Grosjean
87%
Nico Rosberg
79%
Felipe Massa
62%
Juan Manuel Fangio
60%
Mika Häkkinen
51%
Alberto Ascari
44%
Giuseppe Farina
35%
Aucun quiz correspondant
Distribution des résultats
% des personnes avec chaque résultat
Percentile par nombre de réponses
Votre historique - résultats
Vous n’avez pas pris ce quiz